Đánh giá thay đổi hệ thống canh tác dựa vào động thái tài nguyên nước mặt ở huyện Ngã Năm, tỉnh Sóc Trăng : Luận văn tốt nghiệp Cao học. Chuyên ngành Quản lý tài nguyên và môi trường

Mục tiêu là nhằm xem xét sự thay đổi hệ thống canh tác lúa ở vùng nhạy cảm với sự thay đổi nguồn nước ở tỉnh Sóc Trăng. Qua đó, cung cấp thông tin cho công tác qui hoạch sử dụng đất dựa vào nguồn tài nguyên nước của tỉnh Sóc Trăng....

Cur síos iomlán

Đã lưu trong:
Sonraí Bibleagrafaíochta
Príomhúdar: Mai, Thị Hà
Formáid: Leabhar
Teanga:Undetermined
Foilsithe: Cần Thơ Trường Đại học Cần Thơ 2015
Ábhair:
Clibeanna: Cuir Clib Leis
Gan Chlibeanna, Bí ar an gcéad duine leis an taifead seo a chlibeáil!
Thư viện lưu trữ: Trung tâm Học liệu Trường Đại học Cần Thơ
LEADER 01302nam a2200217Ia 4500
001 CTU_198623
008 210402s9999 xx 000 0 und d
082 |a 363.7394 
082 |b H100 
088 |a 60850101 
100 |a Mai, Thị Hà 
245 0 |a Đánh giá thay đổi hệ thống canh tác dựa vào động thái tài nguyên nước mặt ở huyện Ngã Năm, tỉnh Sóc Trăng : 
245 0 |b Luận văn tốt nghiệp Cao học. Chuyên ngành Quản lý tài nguyên và môi trường 
245 0 |c Mai Thị Hà ; Nguyễn Hồng Tín (Người hướng dẫn) 
260 |a Cần Thơ 
260 |b Trường Đại học Cần Thơ 
260 |c 2015 
520 |a Mục tiêu là nhằm xem xét sự thay đổi hệ thống canh tác lúa ở vùng nhạy cảm với sự thay đổi nguồn nước ở tỉnh Sóc Trăng. Qua đó, cung cấp thông tin cho công tác qui hoạch sử dụng đất dựa vào nguồn tài nguyên nước của tỉnh Sóc Trăng. 
650 |a Natural resources,Water,Tài nguyên thiên nhiên 
904 |i Mai Minh Khoa (Thầy Hải) 
980 |a Trung tâm Học liệu Trường Đại học Cần Thơ